Monumenti per paese - Statistics

Statistiche generali
  • Questo quiz è stato fatto 153 volte
  • Il punteggio medio è 9 su 22
Statistiche sulle risposte
Paese Risposta % Corretto
Italia Colosseo
95%
Francia Torre Eiffel
84%
Spagna Sagrada Familia
77%
India Taj Mahal
71%
Regno Unito Big Ben
69%
Grecia Partenone
68%
Stati Uniti Statua della libertà
66%
Italia Torre di Pisa
63%
Brasile Cristo Redentore
62%
Cina Grande Muraglia Cinese
43%
Emirati Arabi Uniti Burj Khalifa
39%
Egitto Piramidi di Giza
36%
Australia Teatro dell'opera di Sydney
36%
Francia Notre Dame de Paris
30%
Francia Arco di Trionfo
28%
Regno Unito Tower Bridge
21%
Stati Uniti Golden Gate Bridge
17%
Regno Unito Stonehenge
12%
Stati Uniti Grand Canyon
10%
Messico Piramidi Maya
4%
Stati Uniti Lincoln Memorial
3%
Russia Cremlino di Mosca
2%
Nessun quiz corrispondente trovato
Distribuzione punteggi
Percentuale di utenti per punteggio
Percentile per numero di risposta
I tuoi punteggi nel tempo
Non hai fatto questo quiz